Papillon /
Salvato in:
| Autore principale: | |
|---|---|
| Altri autori: | , , |
| Natura: | Libro |
| Lingua: | italiano |
| Pubblicazione: |
Milano :
A. Mondadori,
1978
|
| Serie: | Oscar ;
838 Oscar. Narrativa ; 245 |
| Tags: |
Nessun Tag, puoi essere il primo ad aggiungerne!!
|
MARC
| LEADER | 00000nam a22000007i 4500 | ||
|---|---|---|---|
| 001 | IT\ICCU\MOD\0191186 | ||
| 003 | ItRI | ||
| 005 | 20260115232428.0 | ||
| 008 | 010330s1978 it |||||| ||||| |||||c | ||
| 040 | |b ita |c importazione bologna sebina | ||
| 041 | 7 | |a ita |2 ISO-639-2 | |
| 100 | 1 | |a Charrière, Henri |0 IT\ICCU\CFIV\057635 |4 aut | |
| 240 | 1 | 0 | |a Papillon |3 IT\ICCU\CFI\0089409 |9 Charrière, Henri |
| 245 | 1 | 0 | |a Papillon / |c Henri Charriere ; prefazione di Jean-Pierre Castelnau ; con il saggio Papillon o la letteratura orale di Jean-Francois Revel ; traduzione di Danilo Montaldi. |
| 260 | |a Milano : |b A. Mondadori, |c 1978 | ||
| 300 | |a 645 p. ; |c 19 cm. | ||
| 700 | 1 | |a Revel, Jean François |0 IT\ICCU\CFIV\040957 | |
| 700 | 1 | |a Castelnau, Jean-Pierre |0 IT\ICCU\RAVV\019119 |4 aui | |
| 700 | 1 | |a Montaldi, Danilo |0 IT\ICCU\RAVV\019120 |4 trl | |
| 790 | 1 | |a Revelʹ, Žan Fransua |3 IT\ICCU\BVEV\111453 |z Revel, Jean François | |
| 790 | 1 | |a Ricard, Jean François |3 IT\ICCU\CFIV\040958 |z Revel, Jean François | |
| 830 | 0 | |a Oscar ; |v 838 |0 IT\ICCU\CFI\0000102 | |
| 830 | 0 | |a Oscar. Narrativa ; |v 245 |0 IT\ICCU\CFI\0000103 | |
| 942 | |2 ddc |c BK |n 0 | ||
| 952 | |0 0 |1 0 |4 0 |6 DOC_843_914000000000000_CHA |7 0 |9 25600 |a BO |b BO |d 2026-01-15 |i 356 |l 0 |o DOC 843.914 CHA |p BO356 |r 2026-01-15 23:24:28 |w 2026-01-15 |x [Sebina 5] [1 v.] |y BK |z 1 v. | ||
| 999 | |c 21725 |d 21725 | ||